| 000 | 00988pam a2200289 a 4500 | ||
|---|---|---|---|
| 999 |
_c2057 _d2057 |
||
| 001 | 1634673 | ||
| 003 | OSt | ||
| 005 | 20191209163211.0 | ||
| 008 | 960423s1997 ilua b 001 0 eng | ||
| 010 | _a 96021384 | ||
| 020 | _a0256169179 (student ed.) | ||
| 020 | _a0256169292 (P.L.U.S. ed.) | ||
| 040 |
_aDLC _cDLC _dDLC |
||
| 050 | 0 | 0 |
_aHF5657.4 _b.G37 1997 |
| 082 | 0 | 0 |
_a657 GAL 1976 _220 |
| 100 | 1 |
_aGarrison, Ray H.; Noreen, Eric W. _95331 |
|
| 245 | 1 | 0 | _aManagerial Accounting |
| 250 | _a8th ed. | ||
| 260 |
_aChicago : _bIrwin, _cc1997. |
||
| 300 |
_axxxii, 859 p. : _bcol. ill. ; _c29 cm. |
||
| 440 | 4 |
_aThe Irwin series in undergraduate accounting _95332 |
|
| 504 | _aIncludes bibliographical references and indexes. | ||
| 650 | 0 |
_aManagerial accounting. _95333 |
|
| 906 |
_a7 _bcbc _corignew _d1 _eocip _f19 _gy-gencatlg |
||
| 942 |
_2z _cSLOAN |
||